| 000 | 01658cam a22003494a 4500 | ||
|---|---|---|---|
| 001 | |||
| 003 | DO-SdBNP | ||
| 005 | 20210803102429.0 | ||
| 008 | 000322s2001 pr a b s001 0 spa | ||
| 010 | _a | ||
| 020 | _a0847736105 (v. 5, t. 3) | ||
| 040 |
_aBPMSU _bspa _cBPMSU |
||
| 082 |
_a PR868 _bH831p 2001 _222 |
||
| 100 | 1 |
_aHostos, Eugenio María de, _d1839-1903. _95 |
|
| 245 | 1 | 0 |
_aObras completas / _cEugenio María de Hostos ; compilación por Vivian Quiles-Calderín ; prólogo por Juan Mari Brás |
| 250 | _aEd. crítica | ||
| 260 |
_aSan Juan, P.R. : _bInstituto de Estudios Hostosianos ; _bUniversidad de Puerto Rico, _c2001. |
||
| 300 |
_av. : _bils. ; _c24 cm. |
||
| 490 | 0 | _aAmérica | |
| 500 | 0 | _aIncluye referencias bibliográficas y notas al pie de las páginas | |
| 500 | 0 | _aIncluye índice | |
| 504 | _a | ||
| 505 | 0 | _a vol. 1. Literatura: pt. 1. La peregrinación de Bayoán; pt.2. Cuento. Teatro. Poesía. Ensayo; pt.3. Crítica; pt. 4 La tela de araña .-- vol. 2. Diario: pt. 1. 1866-1869. -- vol. 3. Epistolario: pt. 1. Epistolario (1865-1878)-- vol. 5. Puerto Rico Madre Isla : pt. 1. -- v.6. Educación: pt. 1. Ciencia de la pedagogía. -- vol. 8. Sociología: pt. 1. Tratado de sociología. -- vol. 9. Filosofía: pt. 1. Tratado de moral. | |
| 590 | _6Inventariado, 2021/VM | ||
| 600 | 1 | 4 |
_aHostos, Eugenio María de, _d1839-1903. _xCrítica e interpretación |
| 650 | 4 | _aEnsayos puertorriqueños | |
| 700 | 1 |
_aQuiles Calderín, Vivian. _ecomp. |
|
| 700 | 1 |
_a Brás, Juan Mari _epról. |
|
| 710 | 2 | _aInstituto de Estudios Hostosianos (San Juan de Puerto Rico ) | |
| 910 | _aVMateo V | ||
| 942 |
_2ddc _cBK |
||
| 999 |
_c13610 _d13610 |
||